zpět

Detail výsledku týmu

Bartolomějka, Kolín

Datum a čas kvízu

37 Celkem bodů Celkový počet nahraných bodů na tomto kvízu bez doplňovacích otázek.
1. Pořadí na kvízu Konečné umístění týmu na tomto kvízu.

Zaznamenané odpovědi

# Otázka Odpověď Body Výsledky
1. V pondělí zahájil jeden z orgá... 1
2. Papež František bude na své na... 0
3. Budapešťské kulturní akci, kte... 1
4. Tzv. aféra Dieselgate stála fi... 1
5. Na začátku září odehraje česká... 1
6. V roce 2015 vypustily japonské... 1
7. Napište podtitul filmu ze séri... 0
8. Humanoidní robot, který má pod... 0
9. Mezi roboty můžeme svým způsob... 1
10. Nesmíme opomenout Karla Čapka... 1